Bailes folklóricos de México : un son dedicado al mundo /

Producción que presenta 27 interpretaciones del Ballet Folklórico Nacional de México Aztlán, captadas en el Parque Eco Arqueológico Xcaret, próximo a la ciudad de Cancún, Quintana Roo. El DVD está diseñado de forma que el usuario pueda seleccionar alguno de los bailes en específico, mismos que han s...

Descripció completa

Guardat en:
Dades bibliogràfiques
Autor corporatiu: Ballet Folclórico Nacional de México Aztlán
Altres autors: Lozano, Silvia (coreografía) (coreografía), Infante, Gonzalo (realización) (realización), Lee, Alberto (fotógrafo) (fotógrafo), Valdés, Valentín Octavio (montaje) (montaje), González, Juan José (montaje) (montaje), Neumaier, Erwin (montaje) (montaje)
Format: Diapositiva
Idioma:espanyol
Publicat: México : C/Producciones, 1998, c1998
México : C/Producciones [distribución], 2002, c2002
Col·lecció:(Ciudades del México Antiguo)
Matèries:
Etiquetes: Afegir etiqueta
Sense etiquetes, Sigues el primer a etiquetar aquest registre!

MARC

LEADER 00000ngm^a2200000^a^4500
001 000187036
005 20250521000000.0
009 20260310102247.517
037 |a Acervo ITESO - Biblioteca 
041 |a ESP 
082 |a 786. 16  |b BAL 
110 |a Ballet Folclórico Nacional de México Aztlán 
240 1 1 |a [Bailes folklóricos de México: un son dedicado al mundo] 
245 1 0 |a Bailes folklóricos de México :  |b un son dedicado al mundo /  |c Ballet Folclórico Nacional de México Aztlán ; coreografía de S. Lozano ; realización de G. Infante. 
246 2 |a Título en la pantalla: Un son dedicado al mundo 
264 4 |a México :  |b C/Producciones,  |c 1998, c1998 
264 4 |a México :  |b C/Producciones [distribución],  |c 2002, c2002 
300 |a 1 DVD sin dato de región  |c (54 min.) 
336 |a imagen móvil bidimensional  |b tdi  |2 rdacontenido 
337 |a video  |b v  |2 rdamedio 
338 |a videodisco  |b vd  |2 rdasoporte 
440 1 |a (Ciudades del México Antiguo) 
520 |a Producción que presenta 27 interpretaciones del Ballet Folklórico Nacional de México Aztlán, captadas en el Parque Eco Arqueológico Xcaret, próximo a la ciudad de Cancún, Quintana Roo. El DVD está diseñado de forma que el usuario pueda seleccionar alguno de los bailes en específico, mismos que han sido distribuidos en diez grupos, según su estado de origen: 1. Chiapas: La marimba, Rascapetate, Chachito y El jabalí. 2. Guerrero: El toro rabón, Las amarillas y El tapeado. 3. Jalisco: El niño perdido, El jarabe tapatío, El caballito y El son de la negra. 4. Michoacán: El alabado, Flor de canela, La boda tarasca, Las igüiris y Jarabillo de tres. 5. Nayarit: Danza de los machetes. 6. Puebla: Danza de los quetzales y Las espuelas de Amozoc. 7. Tabasco: Los tamborileros. 8. Veracruz: Aguanieves, El siquisiri, Voladores de Papantla y La bamba. 9. Yucatán: La vaqueria y 10. Zacatecas: Danza de los pardos y Los barreteros. El Ballet Folklórico Nacional de México Aztlán fue creado en 1960 por Silvia Lozano, quien al momento de esta producción (1998) permanecía como su directora y coreógrafa. El programa, planteado abiertamente como un material promocional del parque, pertenece a la segunda etapa de la serie Ciudades del México antiguo, cuando su producción ya fue asumida completamente por la compañía C/Producciones, sin la participación de entidades estatales. Esta presentación en DVD incluye el siguiente material complementario: 1. Cápsula sobre Xcaret (2 minutos). 
530 |a Existe una edición en formato audiovisual en VHS con el mismo título 
546 |a Doblaje opcional: inglés 
649 |a XX 
650 |a Compañías de Danza -  |z México 
650 |a Folklore -  |z México 
650 |a Prácticas Culturales -  |z México 
650 |a Identidad Cultural -  |z México 
650 |a Danza Folklórica -  |z México 
650 |a Danza Folklórica 
650 |a Danza Popular -  |z México 
650 |a Danza Popular 
650 |a Danza Mexicana 
650 |a Música Folklórica -  |z México 
650 |a Música Folklórica 
650 |a Música Popular -  |z México 
650 |a Música Popular 
650 |a Música Mexicana 
650 |a Artes Escénicas -  |z México 
650 |a Artes Escénicas 
700 |a Lozano, Silvia  |e (coreografía) 
700 |a Infante, Gonzalo  |e (realización) 
700 |a Lee, Alberto  |e (fotógrafo) 
700 |a Valdés, Valentín Octavio  |e (montaje) 
700 |a González, Juan José  |e (montaje) 
700 |a Neumaier, Erwin  |e (montaje) 
910 |a Fondo General 
920 |a Audiovisuales - DVDs 
940 |a DVDs y Videos de Danza 
905 |a 308 
901 |a 0500088739  |b IT2  |c DVM  |u 20250521 
902 |a https://opac.biblio.iteso.mx/vufind/Record/000187036